[Event "Las Palmas San Mateo CC op 1st"]
[Site "Las Palmas"]
[Date "2023.12.07"]
[Round "6"]
[White "Yao, Stefano"]
[Black "Mamani Beltran, Deniman"]
[Result "1-0"]
[WhiteElo "2288"]
[BlackElo "2154"]
[PlyCount "49"]
[EventDate "2023.12.04"]
[EventType "swiss"]
[EventRounds "9"]
[EventCountry "ESP"]
[SourceTitle "CB50_2023"]
[SourceDate "2023.12.13"]
[SourceVersion "1"]
[SourceVersionDate "2023.12.13"]
[SourceQuality "1"]

1. d4 d5 2. c4 e6 3. Nf3 Nf6 4. Nc3 Be7 5. Bg5 0-0 6. e3 a6 7. Rc1 Nbd7 8. c5 c6 9. Bd3 b6 10. cxb6 Qxb6 11. Qc2 h6 12. Bxf6 Nxf6 13. 0-0 Bd7 14. Na4 Qb8 15. Ne5 Rc8 16. f4 Be8 17. Rf2 Bd6 18. Nc5 Qb6 19. h3 Bxe5 20. fxe5 Nd7 21. Bh7+ Kf8 22. Nxe6+ Ke7 23. Nxg7 c5 24. Nf5+ Kd8 25. Nd6 1-0

[Event "La Palma Island op"]
[Site "Santa Cruz de La Palma"]
[Date "2023.08.10"]
[Round "8"]
[White "Pierrot, Juan Facundo"]
[Black "Mamani Beltran, Deniman"]
[Result "1-0"]
[WhiteElo "2348"]
[BlackElo "2198"]
[PlyCount "51"]
[EventDate "2023.08.05"]
[EventType "swiss"]
[EventRounds "9"]
[EventCountry "ESP"]
[SourceTitle "CBM 215 Extra"]
[Source "ChessBase"]
[SourceDate "2023.09.30"]
[SourceVersion "1"]
[SourceVersionDate "2023.09.30"]
[SourceQuality "1"]

1. d4 e6 2. Nf3 d5 3. c4 Be7 4. g3 Nf6 5. Bg2 dxc4 6. 0-0 0-0 7. Qc2 b5 8. b3 Bb7 9. bxc4 bxc4 10. Nbd2 Nbd7 11. Nxc4 Be4 12. Qd2 c5 13. Bb2 Rc8 14. Rac1 Bd5 15. Nfe5 Bxg2 16. Kxg2 Nb6 17. dxc5 Bxc5 18. Qxd8 Rfxd8 19. Na5 Rd2 20. Nd3 Bf8 21. Rxc8 Nxc8 22. Rc1 Nb6 23. Kf1 Ne4 24. Nb3 Rxb2 25. Nxb2 Ba3 26. Rc2 1-0

[Event "ESP-ch U18"]
[Site "Salobrena"]
[Date "2023.08.03"]
[Round "6"]
[White "Felipo Martinez, Marcos"]
[Black "Mamani Beltran, Deniman"]
[Result "1/2-1/2"]
[WhiteElo "1929"]
[BlackElo "2169"]
[PlyCount "100"]
[EventDate "2023.07.31"]
[EventType "swiss"]
[EventRounds "9"]
[EventCountry "ESP"]
[SourceTitle "CBM 215 Extra"]
[Source "ChessBase"]
[SourceDate "2023.09.30"]
[SourceVersion "1"]
[SourceVersionDate "2023.09.30"]
[SourceQuality "1"]

1. c4 Nf6 2. Nc3 g6 3. Nf3 Bg7 4. g3 0-0 5. Bg2 d6 6. d4 c6 7. 0-0 Qa5 8. e4 Qh5 9. Nh4 e5 10. dxe5 Qxd1 11. Rxd1 dxe5 12. b3 Nbd7 13. Ba3 Re8 14. Rd3 Bf8 15. Bxf8 Kxf8 16. b4 a5 17. b5 Nc5 18. Rd6 Ke7 19. Rad1 Bg4 20. f3 Nfxe4 21. Nxe4 Nxe4 22. R6d3 Nc5 23. Re3 Be6 24. Rxe5 Nd7 25. Re2 Nb6 26. bxc6 bxc6 27. f4 Red8 28. Rxd8 Rxd8 29. c5 Nd5 30. f5 gxf5 31. Nxf5+ Kf6 32. Nd4 Nf4 33. gxf4 Rxd4 34. Bxc6 Rxf4 35. Bb7 Rc4 36. c6 Bd5 37. Rd2 Be4 38. Rd6+ Ke5 39. Rh6 Bg6 40. Rh3 Kd6 41. Ra3 a4 42. Ba6 Rxc6 43. Rxa4 Rc2 44. Bb5 Ke5 45. Be8 Rc8 46. Bd7 Rd8 47. Ra7 Be4 48. a4 Rg8+ 49. Kf1 Rg2 50. Bb5 Bd5 1/2-1/2

[Event "Tenerife-ch Seniors/Women"]
[Site "Santa Cruz de Tenerife"]
[Date "2023.03.24"]
[Round "6.1"]
[White "Mamani Beltran, Deniman"]
[Black "Perez Perez, Gabriel"]
[Result "0-1"]
[WhiteElo "2122"]
[BlackElo "2192"]
[PlyCount "60"]
[EventDate "2023.03.13"]
[EventType "swiss"]
[EventRounds "9"]
[EventCountry "ESP"]
[SourceTitle "EXT 2024"]
[Source "ChessBase"]
[SourceDate "2023.10.10"]
[SourceVersion "1"]
[SourceVersionDate "2023.10.10"]
[SourceQuality "1"]

1. e3 d5 2. c4 c6 3. Qc2 e5 4. b3 Nf6 5. Bb2 Bd6 6. Nf3 e4 7. Ng1 0-0 8. Nc3 Na6 9. a3 Bf5 10. b4 Nc7 11. d4 dxc4 12. Bxc4 b5 13. Bb3 a5 14. bxa5 h5 15. Nge2 h4 16. h3 Qe7 17. a4 Rxa5 18. axb5 Rxa1+ 19. Bxa1 cxb5 20. Bb2 Rc8 21. 0-0 Qd7 22. Qd2 Bxh3 23. f3 Bxg2 24. Kxg2 exf3+ 25. Kf2 b4 26. Ke1 bxc3 27. Nxc3 Qh3 28. Qd3 Qg2 29. Bc2 Ncd5 30. e4 Nb4 0-1

[Event "Santa Cruz Christmas op 32nd"]
[Site "Santa Cruz"]
[Date "2022.12.28"]
[Round "8"]
[White "Mamani Beltran, Deniman"]
[Black "Mamani Beltran, Daniel"]
[Result "1/2-1/2"]
[WhiteElo "2124"]
[BlackElo "2003"]
[PlyCount "60"]
[EventDate "2022.12.15"]
[EventType "swiss"]
[EventRounds "9"]
[EventCountry "ESP"]
[SourceTitle "EXT 2024"]
[Source "ChessBase"]
[SourceDate "2023.10.10"]
[SourceVersion "1"]
[SourceVersionDate "2023.10.10"]
[SourceQuality "1"]

1. Nc3 e5 2. Nf3 Nc6 3. e4 Nf6 4. Bb5 Bc5 5. Nxe5 Nxe5 6. d4 Bd6 7. dxe5 Bxe5 8. 0-0 0-0 9. Bd3 Re8 10. Re1 d6 11. f4 Bd4+ 12. Be3 Bxe3+ 13. Rxe3 c6 14. Qf3 d5 15. e5 d4 16. Ree1 dxc3 17. exf6 cxb2 18. Qh5 g6 19. Qh6 Rxe1+ 20. Rxe1 Qf8 21. Qxf8+ Kxf8 22. Rb1 Be6 23. Rxb2 b6 24. a4 Rd8 25. a5 b5 26. Kf2 Rd6 27. Ke3 Bd5 28. c4 Bxg2 29. cxb5 cxb5 30. Rxb5 Rxf6 1/2-1/2

[Event "Santa Cruz Christmas op 32nd"]
[Site "Santa Cruz"]
[Date "2022.12.16"]
[Round "2"]
[White "Mamani Beltran, Deniman"]
[Black "Martinez Morina, Manel"]
[Result "1-0"]
[WhiteElo "2124"]
[BlackElo "1646"]
[PlyCount "85"]
[EventDate "2022.12.15"]
[EventType "swiss"]
[EventRounds "9"]
[EventCountry "ESP"]
[SourceTitle "EXT 2024"]
[Source "ChessBase"]
[SourceDate "2023.10.10"]
[SourceVersion "1"]
[SourceVersionDate "2023.10.10"]
[SourceQuality "1"]

1. d4 Nf6 2. c4 g6 3. Nc3 d5 4. cxd5 Nxd5 5. e4 Nxc3 6. bxc3 Bg7 7. Nf3 c5 8. Bb5+ Bd7 9. Be2 Nc6 10. 0-0 cxd4 11. cxd4 0-0 12. h3 e6 13. Rb1 b6 14. Bg5 Qb8 15. d5 Ne5 16. Nd4 exd5 17. exd5 f6 18. Bf4 Nf3+ 19. Bxf3 Qxf4 20. Ne6 Bxe6 21. dxe6 Rae8 22. Qd7 Qf5 23. Bg4 Qc5 24. Rbc1 Qe7 25. Rc7 Qxd7 26. exd7 Rd8 27. Be6+ Kh8 28. Rxa7 f5 29. Rd1 Bc3 30. Rc7 Bb4 31. Rc6 Ba5 32. Kf1 Kg7 33. Bc4 f4 34. Re6 Kh6 35. Bb5 Kg7 36. Ke2 Kf7 37. Bc4 Kg7 38. Re7+ Kh6 39. Bb5 Bb4 40. Re8 Kg7 41. Kf3 g5 42. Kg4 h6 43. Kh5 1-0

[Event "Tenerife-chT Preferente"]
[Site "Tenerife"]
[Date "2022.04.23"]
[Round "9.2"]
[White "Martin Hernandez, Jonas David"]
[Black "Mamani Beltran, Deniman"]
[Result "1-0"]
[WhiteElo "1892"]
[BlackElo "1975"]
[PlyCount "149"]
[EventDate "2022.01.29"]
[EventType "team-tourn"]
[EventRounds "14"]
[EventCountry "ESP"]
[SourceTitle "EXT 2024"]
[Source "ChessBase"]
[SourceDate "2023.10.10"]
[SourceVersion "1"]
[SourceVersionDate "2023.10.10"]
[SourceQuality "1"]
[WhiteTeam "Piratas La Orotava"]
[BlackTeam "Fundacion La Caja de Canarias"]
[WhiteTeamCountry "ESP"]
[BlackTeamCountry "ESP"]

1. e4 e6 2. d4 d5 3. Bd3 dxe4 4. Bxe4 Nf6 5. Bf3 c5 6. Ne2 Nc6 7. Be3 e5 8. Bxc6+ bxc6 9. dxe5 Qxd1+ 10. Kxd1 Ng4 11. Nd2 Nxe5 12. Re1 Ba6 13. Bf4 Nc4 14. Nc1+ Kd7 15. Nd3 Nxd2 16. Ne5+ Ke6 17. Bxd2 Rg8 18. Ng6+ Kf6 19. Nxf8 Rgxf8 20. Re3 Rad8 21. Ke1 Rfe8 22. Rxe8 Rxe8+ 23. Be3 Bc4 24. g3 a6 25. b3 Bd5 26. Kd2 c4 27. Kc3 cxb3 28. axb3 Ra8 29. h4 Be4 30. b4 Ke6 31. Kb3 f6 32. Bb6 g5 33. Re1 Kf5 34. g4+ Kf4 35. Bc7+ Kf3 36. Re3+ Kxf2 37. Rxe4 gxh4 38. Rf4+ Kg2 39. Rxf6 Rc8 40. Bf4 Kf3 41. Bg5+ Kxg4 42. Bxh4 Kxh4 43. Rh6+ Kg5 44. Rxh7 c5 45. bxc5 Rxc5 46. c4 Kf6 47. Kb4 Rc8 48. Rh6+ Ke7 49. Rxa6 Kd7 50. Kb5 Rb8+ 51. Rb6 Ra8 52. c5 Ra2 53. Rb7+ Kc8 54. Rg7 Rf2 55. Kb6 Rc2 56. Kc6 Kd8 57. Rg8+ Ke7 58. Rg7+ Kd8 59. Ra7 Rc1 60. Rh7 Rc2 61. Rh8+ Ke7 62. Rh3 Kd8 63. Rb3 Rg2 64. Rb8+ Ke7 65. Kc7 Ke6 66. Rd8 Rg7+ 67. Kc8 Ra7 68. c6 Ra3 69. Rd4 Ke5 70. Rd2 Ke6 71. c7 Ke7 72. Re2+ Kf8 73. Re5 Kf7 74. Kd7 Rd3+ 75. Kc6 1-0

[Event "Tenerife-chT Preferente"]
[Site "Tenerife"]
[Date "2022.02.12"]
[Round "3.2"]
[White "Baskewitsch, Pierre"]
[Black "Mamani Beltran, Deniman"]
[Result "1-0"]
[WhiteElo "1873"]
[BlackElo "1975"]
[PlyCount "57"]
[EventDate "2022.01.29"]
[EventType "team-tourn"]
[EventRounds "14"]
[EventCountry "ESP"]
[SourceTitle "EXT 2024"]
[Source "ChessBase"]
[SourceDate "2023.10.10"]
[SourceVersion "1"]
[SourceVersionDate "2023.10.10"]
[SourceQuality "1"]
[WhiteTeam "Rey Ahogado"]
[BlackTeam "Fundacion La Caja de Canarias"]
[WhiteTeamCountry "ESP"]
[BlackTeamCountry "ESP"]

1. d4 d5 2. Bf4 c5 3. c3 Nc6 4. e3 Qb6 5. b3 Nf6 6. Bd3 Bg4 7. Nf3 e6 8. Nbd2 Be7 9. h3 Bh5 10. 0-0 0-0 11. g4 Bg6 12. Bxg6 fxg6 13. Ng5 Nd8 14. Ngf3 Bd6 15. Ne5 Nf7 16. Ndf3 Ne4 17. Nd7 Qc6 18. Nxf8 Rxf8 19. Bxd6 Qxd6 20. Rc1 h5 21. dxc5 Nxc5 22. gxh5 gxh5 23. Nh2 Qe5 24. Qd4 Qg5+ 25. Kh1 Ne4 26. Rc2 Qf5 27. Qd1 Ne5 28. f3 Qxh3 29. fxe4 1-0

[Event "Tenerife-chT Preferente"]
[Site "Tenerife"]
[Date "2021.09.18"]
[Round "11.4"]
[White "Martinez Rojas, Carlos Jose"]
[Black "Mamani Beltran, Deniman"]
[Result "1-0"]
[WhiteElo "2002"]
[BlackElo "1889"]
[PlyCount "49"]
[EventDate "2021.02.27"]
[EventType "team-tourn"]
[EventRounds "14"]
[EventCountry "ESP"]
[SourceTitle "EXT 2023"]
[Source "ChessBase"]
[SourceDate "2022.10.05"]
[SourceVersion "1"]
[SourceVersionDate "2022.10.05"]
[SourceQuality "1"]
[WhiteTeam "Ebano Barrio Nuevo"]
[BlackTeam "Fundacion La Caja de Canarias"]
[WhiteTeamCountry "ESP"]
[BlackTeamCountry "ESP"]

1. e4 Nc6 2. Nc3 g6 3. f4 Bg7 4. Nf3 d6 5. Bb5 Nf6 6. d3 a6 7. Bxc6+ bxc6 8. 0-0 0-0 9. Qe1 e6 10. Qh4 Nd7 11. Qh3 f5 12. Bd2 Rb8 13. b3 Nf6 14. Rae1 e5 15. Qh4 fxe4 16. dxe4 exf4 17. Bxf4 Ng4 18. Bg5 Qe8 19. e5 Nxe5 20. Ne4 Bf5 21. Nf6+ Bxf6 22. Bxf6 Qd7 23. Nxe5 dxe5 24. Rxe5 Rbe8 25. Rexf5 1-0